Kursus pemantapan panel pakar penyelidikan jabatan : 2-4 Ogos 2021

Bibliographic Details
Corporate Authors: Kursus pemantapan panel pakar penyelidikan jabatan . 2021 2-4 Ogos, INSPEN (Institut Penilaian Negara)
Format: Book
Language:English
Subjects:

MARC

LEADER 00000cam a2200000 7i4500
001 0000029485
005 20241128.0
008 211215 my a eng
040 |a INS   |b eng   |c INS   |e rda 
090 0 0 |a VO404   |b 2021 
110 1 |a Kursus pemantapan panel pakar penyelidikan jabatan .   |b 2021 2-4 Ogos   |c INSPEN, Bangi 
245 0 0 |a Kursus pemantapan panel pakar penyelidikan jabatan :   |b 2-4 Ogos 2021   |c Anjuran Pusat Pembangunan Profesional, INSPEN 
264 0 |a BangilbInstitut Penilaian Negara   |c 2021 
300 |a 1 volume (various pagings) :   |b illustrations ;   |c 30 cm. 
336 |a text  |2 rdacontent 
337 |a unmediated  |2 rdamedia 
338 |a volume  |2 rdacarrier 
650 0 |a Social Science   |x Research 
710 1 |a INSPEN (Institut Penilaian Negara) 
999 |a VO00001030   |b BOOK   |c Course Notes   |e Default branch